Gefragt-Gejagt Jäger - Statistiken

Allgemein
  • Dieses Quiz wurde 155 mal gespielt
  • Das Durchschnittsergebnis liegt bei 5 aus 8
Antwortstatistiken
Kampfname Jäger*in % Korrekt
Alexander Bommes
85%
Besserwisser Sebastian Klussmann
85%
Quizgott Sebastian Jacoby
74%
Bibliothekar Klaus Otto Nagorsnik
69%
Quizvulkan Dr. Manuel Hobiger
61%
Quizdoktor Dr. Thomas Kinne
59%
Generalistin Adriane Rickel
44%
Schlagfertige Annegret Schenkel
40%
Keine übereinstimmenden Quizze gefunden
Verteilung der Resultate
Anzahl Personen mit jedem Resultat
Perzentil nach korrekt beantworteten Fragen
Ihre Resultats-Entwicklung
Sie haben dieses Quiz noch nicht gespielt